000 00468nam a2200217Ia 4500
003 IT-RoPAU
008 120407s9999 xx 000 0 und d
040 _aIT-RoPAU
040 _cIT-RoPAU
041 _aita
100 _aGuido Calogero
245 _aCompendio di storia della filosofia, 5.a ed.
250 _aFirenze
260 _aLa Nuova Italia
260 _c1946
300 _a333 p.
300 _c20 cm
490 _v1
942 _cBK
999 _c32827
_d32827